000 00980nam a22003017a 4500
001 7201
003 FISKH
005 20250709135707.0
008 250702b cb ||||| |||| 00| 0 eng d
020 _a9780816710386
040 _aFISKH
_beng
_cFISKH
_dFISKH
050 _aPZ7.F5992 W
082 _a813.54
100 _aFleischman, Sid
_d (1920–2010)
245 _aThe whipping boy /
_cBy Sid Fleischman ; illustrations by Peter Sis
250 _aThis edition first published in 1987
260 _aNew York :
_bTroll,
_c1986
300 _a89 pages :
_billustrations ;
_c20 cm
505 _aN
520 _aA bratty prince and his whipping boy have many adventures when they inadvertently trade places after becoming involved with dangerous outla
521 8 _a570
_bLexile
521 8 _aN
_bRaz-Plus
650 _2Adventure
_aFriendship
650 _2Middle Ages
_aNewbery Medal
700 _aSis, Peter
_dillustrator
942 _2ddc
_cBK
_n0
999 _c7201
_d7201